000 00224 a2200097 4500
001 50954
100 _aRafique Akhtar
245 _aPakistan Year Book
260 _aKarachi
_bEast & West Publishing
_c
090 _c32264
_d32264
942 _aNUST-CAE
_cM
_c24741
999 _c286027
_d286027